Libro de lectura para la enseñanza del castellano

Saved in:
Bibliographic Details
Main Author: Pinochet Le-Brun, Fidel (Author)
Format: Book
Language:Spanish
Published: Santiago La Ilustración 1930
Edition:13a. ed
Subjects:
Tags: Add Tag
No Tags, Be the first to tag this record!

MARC

LEADER 00000nam a2200000 a 4500
001 UCZ8599
003 CL-VaPUC
008 960121e19300000CL |||||||||||||||||spa|d
082 0 4 |a 372.4  |b PIN  |2 21 
100 0 |a Pinochet Le-Brun, Fidel  |e author  |9 353944 
245 1 0 |a Libro de lectura para la enseñanza del castellano 
250 |a 13a. ed 
300 |a v 
942 |c BK 
945 |d 19960121 00:00:00  |a lriquelm 
260 |a Santiago  |b La Ilustración  |c 1930 
500 |a v.4: Primer año de humanidades 
650 0 |a Lectura  |9 307634 
650 0 |a Enseñanza de la lectura  |9 308364 
650 0 |a Español  |9 255372 
650 0 |a Lingüística  |9 265068 
650 7 |a ENSEÑANZA DE LA LENGUA MATERNA  |2 CL-VaPUC  |9 334470 
650 0 |a Educación lingüística  |9 306506 
583 |a last modification  |c 19960121 00:00:00  |k Rodrigo Vera 
999 |c 244459  |d 244457 
952 |0 0  |1 0  |4 0  |6 372_400000000000000_PIN_1930  |7 0  |8 P  |9 258527  |a BIBEDU  |b BIBEDU  |c BIBEDU_PB  |d 2019-11-19  |h v.4  |i 1619276  |o 372.4 PIN 1930  |p 1619276  |r 2024-01-25  |w 2019-11-19  |y BK  |k EDU